000 00302nam a22001337a 4500
082 _a617.6342 ,O15G
100 _aGARG ,NISHA
245 _aTEXT BOOK OF OPERATIVE DENTISTRY
250 _a3RD
260 _aDELHI
_bJAYPEE HEALTH SCIENCES
_c2015
300 _a524
650 _aCONS
942 _2ddc
_cBK
_042
999 _c9572
_d9572